| 000 | 00441nam a22001697a 4500 | ||
|---|---|---|---|
| 999 |
_c163185 _d163185 |
||
| 005 | 20190401124104.0 | ||
| 010 | _aEN-48036 | ||
| 020 |
_a8185604304 _c250.00 |
||
| 035 | _aEN-48036 | ||
| 037 | _bMandira Sen for street | ||
| 082 | _aN | ||
| 100 | _aSanyal, Sulekha | ||
| 245 |
_aNabankur The Seeding Tale/ _cSulekha Sanya |
||
| 260 |
_aCalcutta _bMandira Sen for Street _c2001 |
||
| 300 |
_a245p. _c22cm(pbk) |
||
| 942 |
_2ddc _cEN _hN _mSAN |
||